000 01096nam0a22003491 4500
001 RU\NLR\A1SV\126516
005 20251203171251.9
035 _a(NLR Aleph) 010447151
090 _a9912750
_c9912750
100 _a20061025d1923 u y0rusy50 ca
101 1 _arus
_ceng
102 _aRU
200 1 _aИгры на полу
_fГ.Д.Уэллс
_gПер. с англ. Э.Вульфсон
_gС рис. И.Синклер
210 _aМ.
_aПг.
_cГос. изд-во
_d1923
215 _a52 с.
_cил.
_d17 см
300 _aНапеч. в Москве
620 _dМосква
620 _dСанкт-Петербург
700 1 _aУэллс
_bГ. Д.
_f1866-1946
_gГерберт Джордж
_3RU\NLR\auth\7727483
_4070
702 1 _aВульфсон
_bЭ. С.
_gЭмилия Семеновна
702 1 _aСинклер
_bИ.
801 0 _aRU
_bNLR
_c20061025
852 _aNLR
_j17.149.7.208
852 _aNLR
_j17.149.7.208а
899 _aКирОУНБ
899 _aУОНБ
899 _aРГБ
899 _aSLK
942 _cBOOK
980 _aNB
980 _aA1SV